000 00296nam a2200133Ia 4500
005 20251222140057.0
008 251222s1900||||xx |||||||||||||| ||spa||
020 _a2876530929
082 _a181.1/Q49
100 _aQuignard, Pascal
245 0 _aLa Raison
264 _bLe Promeneur
942 _cLIB
999 _c3801
_d3801